Návrh a realizácia informačného systému pre podporu výroby

Saved in:
Bibliographic Details
Main Author: Pulišová, Simona (Author)
Other Authors: Juhásová, Bohuslava (Thesis advisor)
Format: Manuscript Book
Language:Slovak
Published: 2019
Subjects:
Online Access:http://is.stuba.sk/zp/portal_zp.pl?podrobnosti=134337
Tags: Add Tag
No Tags, Be the first to tag this record!

MARC

LEADER 00000ntm a22000003a 4500
001 stuzp71927
003 SK-STU
005 20190629210648.6
007 ta
008 150427s2015----xo-----f-mn---000-0-slo-d
040 |a STU  |b slo 
041 0 |a slo 
100 1 |a Pulišová, Simona  |u 066000  |4 aut  |U MTF Materiálovotechnologická fakulta  |T MTF Ústav aplikovanej informatiky, automatizácie a mechatroniky  |X 85467  |U M6000  |Y 86  |7 85467 
242 0 1 |a Design and implementation of information system for production support  |y eng 
245 1 0 |a Návrh a realizácia informačného systému pre podporu výroby 
260 |c 2019 
650 4 |a informačný systém  |2 slo 
650 4 |a databáza  |2 slo 
650 4 |a webová aplikácia  |2 slo 
650 4 |a PHP  |2 slo 
650 4 |a MySQL  |2 slo 
650 4 |a information system  |2 eng 
650 4 |a database  |2 eng 
650 4 |a web application  |2 eng 
650 4 |a PHP  |2 eng 
650 4 |a MySQL  |2 eng 
700 1 |a Juhásová, Bohuslava  |u 066000  |k Z1  |4 ths  |U MTF Materiálovotechnologická fakulta  |T MTF Ústav aplikovanej informatiky, automatizácie a mechatroniky  |X 201  |U M6000  |Y 86  |7 A000000201 
856 4 |u http://is.stuba.sk/zp/portal_zp.pl?podrobnosti=134337 
996 |c M* BP-8722  |l MMSKP  |s P  |a 0  |w stuzp71927_0001